00265nam a22001097a 4500020001800000040000900018082001600027100001700043245003700060260003800097650002000135 a0000000492904 cNUST a641.57bTHA aNudrat Jahan aThande Aur Rahat Baksh Mashrobat aLAHOREbNudrat Book House .c2013 2Cold Mashrobat.